| 000 | 00450nam a2200181 a 4500 | ||
|---|---|---|---|
| 001 | 13465 | ||
| 005 | 20180713201837.0 | ||
| 008 | 140415s1985 000 0 spa d | ||
| 041 | _aspa | ||
| 082 |
_a808.833 _bGRE |
||
| 100 | 1 | _aWALTARI, MIKA | |
| 245 | 1 | 4 | _aTHE EGYPTIAN |
| 260 |
_a[s.l.] : _bVANTAM, _c1985 |
||
| 300 | _a474 | ||
| 490 | _aTHE GREATEST HISTORICAL NOVELS | ||
| 650 | 1 | 4 | _aNOVELA |
| 700 | 1 |
_aWALFORD, NAOMI _etr. |
|
| 999 |
_c13465 _d13465 |
||